000 00408nam a2200181Ia 4500
008 151202s9999||||xx |||||||||||||| ||und||
082 _bPNVM-10789
100 _aWEBB MARY.
245 _aPRECIOUS BANE.
260 _b"J.CAPE,LONDON."
260 _c1935
300 _a287
600 _aWEBB MARY.
630 _aPRECIOUS BANE.
700 _aWEBB MARY.
730 _aPRECIOUS BANE.
942 _cBOOK
999 _c1276776
_d1276773